Представление документа в формате RUSMARC

ПолеНазваниеЗначение
  Тип записи a
  Библиографический уровень m
001 Контрольный номер UONB/MAIN/82d4ce60681540148155a699b68c8074
005 Дата корректировки 20251003113213.1
010 Индекс ISBN __
d Цена 20 к.
9 Тираж 6400 экз.
a ISBN 5-02-005975-7
100 Данные общей обработки __
a Данные общей обработки 20251003d1988 u u0rusy0189 ca
101 Язык документа 0_
a Язык текста rus
102 Страна публикации __
a Страна публикации RU
105 Кодированные данные (монография) __
a Кодированные данные (монография) a z 001yy
200 Заглавие и сведения об ответственности 1_
a Заглавие Самуил Карлович Грейг
f Первые сведения об ответственности Ю. С. Крючков
e Сведения, относящиеся к заглавию 1735-1788
g Последующие сведения об ответственности Академия наук СССР
g Последующие сведения об ответственности ответственный редактор Е. А. Шитиков
203 Вид содержания и тип средства __
a Вид содержания Текст
b Характеристика содержания визуальный
c Тип средства непосредственный
210 Выходные данные 1_
a Место издания М.
c Издательство Наука
d Дата издания 1988
215 Физическое описание __
a Объем 92, [2] с.
d Формат 20 см
c Иллюстрации/тип воспроизводства ил.
225 Серия 1_
a Серия Научно-биографическая серия
320 Библиография __
a Библиография Библиогр.: с. 79-84
320 Библиография __
a Библиография Указ. имен., назв. судов: с. 85-89
600 Персоналии _1
a Персоналии (Фамилия) Грейг, Самуил Карлович
606 Тематические рубрики 0_
a Основная рубрика Кораблестроение в России
x Основная подрубрика История
z Хронологическая подрубрика 18 в.
606 Тематические рубрики 0_
a Основная рубрика Русский военно-морской флот
x Основная подрубрика История
z Хронологическая подрубрика 18 в.
610 Ключевые слова 0_
a Ключевые слова кораблестроение в России - 18 в.; русский военно-морской флот - 18 в.; Грейг С. К.
686 Индексы других классификаций __
a Классификационный индекс 39.4Г
2 Код системы rubbk
686 Индексы других классификаций __
a Классификационный индекс 68.66(2)Г
2 Код системы rubbk
700 Автор _1
a Фамилия Крючков
b Имя (инициалы) Ю. С.
g Полное личное имя Юрий Семенович
702 Вторичная интеллектуальная ответственность _1
a Фамилия Шитиков
b Имя (инициалы) Е. А.
4 Код отношения 340
712 Наименование организации (Вторичная ответственность) 02
a Организация/ юрисдикция Академия наук СССР
4 Код отношения 570
801 Источник записи _0
a Страна RU
b Организация Ульяновская ОНБ
c Дата составления 20251003
g Правила каталогизации RCR
801 Источник записи _1
a Страна RU
b Организация Ульяновская ОНБ
c Дата составления 20251003
g Правила каталогизации RCR
901 Тип документа __
t Тип документа m
909 Создатель записи __
a Создатель записи Вилкова
b Дата создания записи 20251003